000 00283nam a2200109Ia 4500
008 190919s9999||||xx |||||||||||||| ||und||
100 _aDonald,Lisa
245 0 _aMCSA/MCSE:Windows XP Professional Study Guide
260 _aNew York
_bViva Books
_c1996
300 _a204
942 _cBK
999 _c10695
_d10695